La argentina como sentimiento. /

Guardado en:
Autor Principal: Massúh, Víctor
Formato: Libro
Publicado: Buenos Aires : Sudamericana, 1984
Edición:8a. ed.
Materias:
Etiquetas: Agregar Etiqueta
Sin Etiquetas, Sea el primero en etiquetar este registro!
LEADER 00925nam a22002055a 4500
001 CEM.cems004219
005 20060216000000.0
008 130507s1984##################000#0#####d
003 CEMS
082 0 4 |a 309.182 
100 1 |a Massúh, Víctor 
245 1 0 |a La argentina como sentimiento. / 
250 |a 8a. ed. 
260 |a Buenos Aires :  |b Sudamericana,  |c 1984 
300 |a 160 p. 
505 0 |a la beneficiencia laica:un deber moral;Los primeros 50 anos de la sociedad de beneficiencia en Bs.As.1823-1873;La caridad de los Vicentinos;La soliraridad colectiva,sociedades de socorros mutuos,hospital Italiano; El cooperativismo como forma de solidaridad social,el pensamiento de Juan B.Justo;Hacia la seguridad social.BIBLIOGRAFIA:p.161-167 
653 |a Cultura nacional-argentina 
653 |a Historia de la cultura argenti 
653 |a Ser nacional-argentina 
859 |a CEMS  |b BIB. CEMS - 11 de abril  |h 309.182  |i M389a8  |p 14396.86  |t Ej.1